Countries Closest to Perth - Statistics

General Stats
  • This quiz has been taken 17,936 times
    17,908 since last reset
  • The average score is 17 of 20
Answer Stats
km country mi % Correct
2,440 Indonesia 1,517
98%
4,558 New Zealand 2,832
97%
3,689 Malaysia 2,292
94%
3,627 Papua New Guinea 2,253
92%
4,448 Thailand 2,764
92%
4,621 Vietnam 2,871
91%
4,861 Cambodia 3,020
90%
4,896 India 3,042
90%
3,905 Singapore 2,426
90%
2,642 East Timor 1,642
89%
5,206 Laos 3,235
89%
4,089 Philippines 2,540
87%
5,014 Myanmar 3,115
86%
4,002 Brunei 2,487
84%
4,925 Solomon Islands 3,060
80%
4,210 Palau 2,616
76%
3,526 France
Île Amsterdam
2,191
75%
5,247 United Kingdom
Diego Garcia
3,260
74%
5,170 F. S. Micronesia 3,212
73%
5,363 Mauritius 3,332
46%
No matching quizzes found
Score Distribution
Percent of People with Each Score
Percentile by Number Answered
Your Score History
You have not taken this quiz since the last reset